乘风破浪的姐姐 前六季选手 - Statistics

General Stats
  • This quiz has been taken 18 times
  • The average score is 33 of 190
Answer Stats
Hint Answer % Correct
第一季(总冠军) 宁静
93%
第一季(未成团) 张含韵
79%
第二季(总冠军) 那英
79%
第一季(成团) 郁可唯
71%
第三季(总冠军) 王心凌
71%
第一季(四公淘汰) 吴昕
64%
第一季(成团) 孟佳
57%
第一季(未成团) 蓝盈莹
57%
第一季(二公淘汰) 沈梦辰
57%
第一季(成团) 李斯丹妮
50%
第一季(成团) 黄龄
50%
第一季(未成团) 金晨
50%
第一季(未成团) 王霏霏
50%
第二季(成团) 周笔畅
50%
第二季(成团) 容祖儿
50%
第四季(成团) 美依礼芽
50%
第一季(成团) 万茜
43%
第二季(成团) 吉克隽逸
43%
第三季(成团) 谭维维
43%
第三季(成团) 郑秀妍
43%
第四季(总冠军) 陈嘉桦
43%
第六季 叶童
43%
第一季(成团) 张雨绮
36%
第一季(未成团) 郑希怡
36%
第一季(未成团) 伊能静
36%
第一季(五公淘汰) 黄圣依
36%
第一季(四公淘汰) 张萌
36%
第一季(二公淘汰) 钟丽缇
36%
第一季(一公淘汰) 许飞
36%
第一季(一公淘汰) 海陆
36%
第二季(成团) 杨丞琳
36%
第二季(成团) 杨钰莹
36%
第三季(成团) 薛凯琪
36%
第四季(成团) 谢娜
36%
第五季(成团) 袁娅维
36%
第一季(未成团) 阿朵
29%
第一季(五公淘汰) 白冰
29%
第一季(四公淘汰) 袁咏琳
29%
第一季(三公淘汰) 金莎
29%
第一季(三公淘汰) 王丽坤
29%
第一季(二公淘汰) 丁当
29%
第一季(一公淘汰) 陈松伶
29%
第一季(一公淘汰) 王智
29%
第二季(成团) 王鸥
29%
第二季(未成团) 张柏芝
29%
第二季(未成团) 吕一
29%
第三季(成团) 蔡卓妍
29%
第五季(总冠军) 陈昊宇
29%
第五季(成团) 尚雯婕
29%
第五季(成团) 戚薇
29%
第六季 吴宣仪
29%
第一季(一公淘汰) 朱婧汐
21%
第二季(未成团) 李菲儿
21%
第二季(四公淘汰) 张馨予
21%
第二季(三公淘汰) 贾青
21%
第二季(二公淘汰) 程莉莎
21%
第三季(成团) 于文文
21%
第三季(成团) 钟欣潼
21%
第三季(成团) 张天爱
21%
第三季(三公淘汰) 刘恋
21%
第四季(成团) 刘逸云
21%
第四季(成团) 朱珠
21%
第五季(成团) 刘忻
21%
第五季(二公淘汰) 郭颖
21%
第六季 陈德容
21%
第六季 黄英
21%
第六季 李嘉琦
21%
第六季 李艺彤
21%
第一季(一公淘汰) 刘芸
14%
第二季(未成团) 陈小纭
14%
第二季(未成团) 陈梓童
14%
第二季(二公淘汰) 左小青
14%
第二季(一公淘汰) 汤晶媚
14%
第三季(成团) 唐诗逸
14%
第三季(未成团) 赵梦
14%
第三季(未成团) 齐溪
14%
第三季(未成团) 朱洁静
14%
第三季(四公淘汰) 许茹芸
14%
第三季(四公淘汰) 毛俊杰
14%
第三季(四公退赛) 徐梦桃
14%
第三季(一公淘汰) 吴莫愁
14%
第四季(成团) 刘惜君
14%
第四季(成团) 龚琳娜
14%
第四季(未成团) 张嘉倪
14%
第四季(二公淘汰) 李彩桦
14%
第四季(一公淘汰) 许靖韵
14%
第五季(成团) 陈丽君
14%
第五季(成团) 何洁
14%
第六季 王珞丹
14%
第六季 李晟
14%
第六季 张小婉
14%
第六季 房琪
14%
第六季 卡琳娜
14%
第六季 罗予彤
14%
第六季 宋妍霏
14%
第六季(二公淘汰) 蒋梦婕
14%
第六季(一公淘汰) 王蓉
14%
第二季(未成团) 蒋璐霞
7%
第二季(四公淘汰) 袁姗姗
7%
第二季(四公淘汰) 江映蓉
7%
第二季(三公淘汰) 弦子
7%
第二季(三公淘汰) 陈妍希
7%
第二季(一公淘汰) 安又琪
7%
第二季(一公淘汰) 刘烨
7%
第三季(成团) 郭采洁
7%
第三季(未成团) 张蔷
7%
第三季(未成团) 张俪
7%
第三季(未成团) 吴谨言
7%
第三季(五公淘汰) 张歆艺
7%
第三季(四公淘汰) 胡杏儿
7%
第三季(三公淘汰) 柳翰雅
7%
第三季(二公淘汰) 赵樱子
7%
第三季(一公淘汰) 黄小蕾
7%
第四季(成团) 黄丽玲
7%
第四季(成团) 卢靖姗
7%
第四季(未成团) 孙悦
7%
第四季(未成团) 蔡少芬
7%
第四季(未成团) 吉娜爱丽丝
7%
第四季(五公淘汰) 徐怀钰
7%
第四季(四公淘汰) 秋瓷炫
7%
第四季(一公淘汰) 陈冰
7%
第五季(成团) 萨顶顶
7%
第五季(成团) 蔡文静
7%
第五季(成团) 韩雪
7%
第五季(未成团) 孙夏铃
7%
第五季(未成团) 郭碧婷
7%
第五季(未成团) 朱丹
7%
第五季(未成团) 谢金燕
7%
第五季(未成团) 郑妮可
7%
第五季(五公淘汰) 王琳
7%
第五季(五公淘汰) 杨谨华
7%
第五季(二公淘汰) 靳梦佳
7%
第六季 侯佩岑
7%
第六季 倪虹洁
7%
第六季 江一燕
7%
第六季 谭薇
7%
第六季 祝绪丹
7%
第六季 管乐
7%
第六季 蒋一侨
7%
第六季(三公淘汰) 努恩
7%
第六季(一公淘汰) 何泓姗
7%
第六季 VaVa毛衍七
7%
第二季(未成团) 胡静
0%
第二季(三公淘汰) 董洁
0%
第二季(二公淘汰) 金巧巧
0%
第二季(二公淘汰) 阿兰
0%
第二季(二公淘汰) 宣璐
0%
第二季(一公淘汰) 董璇
0%
第二季(一公淘汰) 李慧珍
0%
第二季(踢馆失败) 苏运莹
0%
第二季(踢馆失败) 曾黎
0%
第三季(未成团) 王紫璇
0%
第三季(三公淘汰) 黄奕
0%
第四季(成团) 芝芙
0%
第四季(成团) 贾静雯
0%
第四季(未成团) 曾可妮
0%
第四季(未成团) 瞿颖
0%
第四季(未成团) 刘雅瑟
0%
第四季(未成团) 陈意涵
0%
第四季(未成团) 汪小敏
0%
第四季(未成团) 唐伯虎
0%
第四季(五公淘汰) 谢欣
0%
第四季(四公退赛) 吴倩
0%
第四季(三公淘汰) 吴优
0%
第四季(三公淘汰) 李莎旻子
0%
第四季(二公淘汰) 赵丽娜
0%
第四季(一公淘汰) 卡捷琳娜
0%
第四季(一公淘汰) 王佳宇
0%
第五季(成团) 柳岩
0%
第五季(成团) 乔伊斯乔纳森
0%
第五季(未成团) 张予曦
0%
第五季(未成团) 万妮达
0%
第五季(未成团) 苗苗
0%
第五季(四公淘汰) 蔡诗云
0%
第五季(四公退赛)
0%
第五季(三公淘汰) 范湉湉
0%
第五季(三公淘汰) 周扬青
0%
第五季(三公淘汰) 李嘉格
0%
第五季(三公淘汰) 赵奕欢
0%
第五季(二公淘汰) 吴恙
0%
第五季(二公淘汰) 郭书瑶
0%
第五季(二公退赛) 玛丽
0%
第五季(一公淘汰) 李溪芮
0%
第五季(一公淘汰) 韩懿莹
0%
第五季(一公退赛) 莎莎
0%
第六季 邓萃文
0%
第六季 曹颖
0%
第六季 马吟吟
0%
第六季(三公淘汰) 彭小苒
0%
第六季(二公淘汰) 刘禹彤
0%
No matching quizzes found
Score Distribution
Percent of People with Each Score
Percentile by Number Answered
Your Score History
You have not taken this quiz